La resistencia

Spremljeno u:
Bibliografski detalji
Glavni autor: Navarro Valdivielso, Fernando (autor)
Format: Knjiga
Jezik:španjolski
Izdano: Madrid Gymnos 1998
Teme:
Oznake: Dodaj oznaku
Bez oznaka, Budi prvi tko označuje ovaj zapis!

MARC

LEADER 00000nam a2200000 a 4500
001 UCO7434
003 CL-VaPUC
008 001117e19980000SP |||||||||||||||||spa|d
082 0 4 |a 796.077  |b NAV  |2 21 
100 |a Navarro Valdivielso, Fernando  |e autor  |9 476108 
245 1 3 |a La resistencia 
300 |a 315 p 
942 |c BK 
945 |d 20001117 00:00:00  |a cmena 
260 |a Madrid  |b Gymnos  |c 1998 
650 0 |a Deportes  |9 224367 
650 7 |a ENTRENAMIENTO ATLETICO  |2 CL-VaPUC  |9 451906 
650 7 |a RENDIMIENTO DEPORTIVO  |2 CL-VaPUC  |9 432769 
650 0 |a Alto rendimiento  |9 432771 
583 |a last modification  |c 20001117 00:00:00  |k Rodrigo Vera 
999 |c 292370  |d 292368 
952 |0 0  |1 0  |4 0  |6 796_077000000000000_NAV_1998  |7 0  |8 A  |9 343188  |a BIBEDU  |b BIBEDU  |d 2019-11-20  |i 3668231  |o 796.077 NAV 1998  |p 3668231  |r 2019-11-20  |w 2019-11-20  |y BK  |k EFI